00346nam a2200121Ia 4500008004100000041000800041082001400049100002500063245004500088260004800133300003200181365001100213240624s9999 xx 000 0 und d aeng a658.4 MAU aMAUBOUSSIN MICHAEL J aTHINK TWICE HARNESSING THE POWER OF COUN c2009aBostonbHarvard Business School Press axxiv, : 190 : p. : cm. ; 24 cRSb30